00392 a2200097 4500001001000000005001700010008004100027245005200068100002200120773015200142ART_4245520260410161935.0260409a 10aUna aproximación al concepto neuroeducación1 aFrattoni, Horacio0 tBoletin del Consejo Profesional de Ciencias Económicas de la Provincia de Santa Fe (camara segunda)g- Año XXVII, Nº 332 (jun. 2017)wREV25058